Normal view
MARC view
- Advanced Digital Design With the Verilog HDL
Entry Topical Term
001 - CONTROL NUMBER
- control field: 114231
003 - CONTROL NUMBER IDENTIFIER
- control field: NUST
005 - DATE AND TIME OF LATEST TRANSACTION
- control field: 20230821141937.0
008 - FIXED-LENGTH DATA ELEMENTS
- fixed length control field: 230821|| aca||aabn | a|a d
040 ## - CATALOGING SOURCE
- Original cataloging agency: NUST
- Transcribing agency: NUST
150 ## - HEADING--TOPICAL TERM
- Topical term or geographic name entry element: Advanced Digital Design With the Verilog HDL
670 ## - SOURCE DATA FOUND
- Source citation: Work cat.: (NUST): Ciletti, Michael D 52068, Advanced Digital Design With the Verilog HDL, 2003.
